| 000 | 00761nam a2200241 4500 | ||
|---|---|---|---|
| 001 | 18281 | ||
| 003 | DO-SdUEMH | ||
| 005 | 20251229140204.0 | ||
| 007 | ta | ||
| 008 | 251229b1997 dr a|||gr|||| 00| 0dspa d | ||
| 040 |
_aDO-SdUEMH _bspa _erda |
||
| 041 | _aspa | ||
| 082 | 1 | 4 |
_mRD _bP328h |
| 100 | _eaut | ||
| 245 | 1 | 0 |
_aHistoria de la primera biblioteca universitaria de santo domingo / _cAlejandro Paulino Romos ; prólogo: Ramón Pereyra C. |
| 264 | 0 | 1 |
_aSanto Domingo, República Dominicana : _bUniversitaria, _c1997 |
| 300 |
_a62 paginas : _bIlustraciones ; _c19 cm |
||
| 336 |
_2rdacontent _atexto _btxt |
||
| 337 |
_2rdamedia _asin mediación _bn |
||
| 338 |
_2rdacarrier _avolumen _bnc |
||
| 500 | _aBibliografías en página 59-60 | ||
| 942 |
_2ddc _n0 _cBK |
||
| 999 |
_c18281 _d18281 |
||